Advances in marine biology / (Record no. 72506)
[ view plain ]
| 000 -LEADER | |
|---|---|
| fixed length control field | 01099nam a2200325 a 4500 |
| 001 - CONTROL NUMBER | |
| control field | 72506 |
| 003 - CONTROL NUMBER IDENTIFIER | |
| rucl marc code | BD-RjUL |
| 005 - DATE AND TIME OF LATEST TRANSACTION | |
| control field | 20211209082253.0 |
| 008 - FIXED-LENGTH DATA ELEMENTS--GENERAL INFORMATION | |
| fixed length control field | 170520s1963 nyuax b 0 1 a0eng c |
| 030 ## - CODEN DESIGNATION | |
| CODEN | AMBYAR |
| 035 ## - SYSTEM CONTROL NUMBER | |
| System control number | (BD-RjUL)72724 |
| 040 ## - CATALOGING SOURCE | |
| Original cataloging agency | UDI |
| Language of cataloging | eng |
| Transcribing agency | UDI |
| Modifying agency | BD-RjUL |
| 041 ## - LANGUAGE CODE | |
| Language code of text/sound track or separate title | eng |
| 082 04 - DEWEY DECIMAL CLASSIFICATION NUMBER | |
| Classification number | 578.77 |
| Edition number | 23 |
| Author mark and year | ADV 1963 |
| 245 00 - TITLE STATEMENT | |
| Title | Advances in marine biology / |
| Statement of responsibility, etc. | edited by F. S. Russell |
| 260 ## - PUBLICATION, DISTRIBUTION, ETC. (IMPRINT) | |
| Place of publication, distribution, etc. | London ; |
| -- | New York : |
| Name of publisher, distributor, etc. | Academic Press, |
| Date of publication, distribution, etc. | c1963. |
| 300 ## - PHYSICAL DESCRIPTION | |
| Pagination | v. : |
| Illustrations | ill. ; |
| Size | 24 cm |
| 504 ## - BIBLIOGRAPHY, ETC. NOTE | |
| Bibliography, etc | Includes bibliography and index |
| 505 ## - FORMATTED CONTENTS NOTE | |
| Formatted contents note | Vol. 1 -- |
| 510 2# - CITATION/REFERENCES NOTE | |
| Name of source | Chemical abstracts |
| International Standard Serial Number | 0009-2258 |
| 650 ## - SUBJECT ADDED ENTRY--TOPICAL TERM | |
| Topical term or geographic name as entry element | Marine biology |
| 9 (RLIN) | 214517 |
| 653 #0 - INDEX TERM--UNCONTROLLED | |
| Uncontrolled term | Marine biology |
| 700 1# - ADDED ENTRY--PERSONAL NAME | |
| Personal name | Russell, Frederick S. |
| Fuller form of name | (Frederick Stratten), |
| Dates associated with a name | 1897-1984. |
| 776 08 - ADDITIONAL PHYSICAL FORM ENTRY | |
| Relationship information | Online version: |
| Title | Advances in marine biology (Online) |
| International Standard Serial Number | 2162-5875 |
| Record control number | (DLC) 2011250706 |
| -- | (OCoLC)60644302 |
| Relationship information | Online version: |
| Title | Advances in marine biology (Print) |
| Record control number | (OCoLC)795695658 |
| 942 ## - ADDED ENTRY ELEMENTS (KOHA) | |
| Source of classification or shelving scheme | Dewey Decimal Classification |
| Koha item type | Books |
| Lost status | Source of classification or shelving scheme | Damaged status | Not for loan | Collection code | Permanent Location | Current Location | Shelving location | Date acquired | Source of acquisition | Cost, normal purchase price | Total Checkouts | Full call number | Date last seen | Copy number | Koha item type |
|---|---|---|---|---|---|---|---|---|---|---|---|---|---|---|---|
| Dewey Decimal Classification | Not For Loan | Non-fiction | Central Library, University of Rajshahi | Central Library, University of Rajshahi | Reading Room | 21/12/1964 | Euro-pak, News Agency, Dacca | 63.00 | 578.77 ADV V-1 1963 | 20/05/2017 | C-1 | Books |